[Event "EU-ch U16 Girls 23rd"]
[Site "Budva"]
[Date "2013.10.05"]
[Round "6"]
[White "Cosman, Andreea Marioara"]
[Black "Abdimanoglu, Beste Basak"]
[Result "1-0"]
[WhiteElo "1933"]
[BlackElo "1835"]
[PlyCount "61"]
[EventDate "2013.09.29"]
[EventType "swiss"]
[EventRounds "9"]
[EventCountry "MNE"]
[SourceTitle "EXT 2014"]
[Source "ChessBase"]
[SourceDate "2013.11.20"]
[SourceVersion "1"]
[SourceVersionDate "2013.11.20"]
[SourceQuality "1"]

1. d4 e6 2. c4 b6 3. d5 Ba6 4. e4 Qh4 5. Qc2 Nf6 6. Bd3 Ng4 7. Nf3 Bb4+ 8. Nc3 Bxc3+ 9. bxc3 Qe7 10. h3 Nf6 11. 0-0 e5 12. Nh4 d6 13. Nf5 Qf8 14. f4 Nfd7 15. Qa4 g6 16. fxe5 gxf5 17. e6 fxe6 18. dxe6 Bb7 19. exf5 Qg7 20. Rf2 Nc6 21. exd7+ Qxd7 22. f6 Qf7 23. Be4 Kd7 24. Bg5 h6 25. Bh4 Raf8 26. Re1 Re8 27. Rfe2 Re5 28. Bg3 Rc5 29. Bxc6+ Bxc6 30. Re7+ Kc8 31. Qxa7 1-0

[Event "World School-ch U17 Girls 9th"]
[Site "Porto Carras"]
[Date "2013.05.14"]
[Round "9"]
[White "Bagirova, Khatun"]
[Black "Abdimanoglu, Beste Basak"]
[Result "0-1"]
[WhiteElo "1877"]
[BlackElo "1791"]
[PlyCount "62"]
[EventDate "2013.05.07"]
[EventType "swiss"]
[EventRounds "9"]
[EventCountry "GRE"]
[SourceTitle "CBM 154 Extra"]
[Source "ChessBase"]
[SourceDate "2013.06.25"]
[SourceVersion "2"]
[SourceVersionDate "2013.06.25"]
[SourceQuality "1"]

1. e4 c5 2. Nf3 d6 3. d4 cxd4 4. Nxd4 Nf6 5. Nc3 g6 6. Be3 Bg7 7. Be2 Nc6 8. 0-0 0-0 9. h3 Bd7 10. Nb3 Na5 11. Qd2 Be6 12. Nxa5 Qxa5 13. f3 Nh5 14. Kh2 Rfc8 15. g4 Rxc3 16. Rad1 Be5+ 17. Kg2 Ng3 18. Rf2 Nxe2 19. Rxe2 Rxe3 20. Qxe3 Bxb2 21. f4 Bxa2 22. c4 Bg7 23. Rc1 Rc8 24. Rec2 Bxc4 25. h4 b5 26. Kg3 Qc7 27. g5 a5 28. h5 Qc5 29. Qf3 a4 30. Kh2 a3 31. hxg6 hxg6 0-1

[Event "TUR-ch"]
[Site "Antalya"]
[Date "2013.02.08"]
[Round "10"]
[White "Deviren, Erdi"]
[Black "Abdimanoglu, Beste Basak"]
[Result "1-0"]
[WhiteElo "1956"]
[BlackElo "1768"]
[PlyCount "61"]
[EventDate "2013.02.02"]
[EventType "swiss"]
[EventRounds "11"]
[EventCountry "TUR"]
[SourceTitle "CBM 152 Extra"]
[Source "ChessBase"]
[SourceDate "2013.02.25"]
[SourceVersion "1"]
[SourceVersionDate "2013.02.25"]
[SourceQuality "1"]

1. e4 d6 2. d4 g6 3. Nc3 Bg7 4. Be2 Nc6 5. Be3 e5 6. dxe5 Nxe5 7. Qd2 Be6 8. h4 Nf6 9. Nh3 0-0 10. Ng5 Qd7 11. h5 Rfe8 12. 0-0-0 a6 13. hxg6 fxg6 14. Nd5 Bxd5 15. exd5 Qa4 16. a3 Nc4 17. Qd4 Nxb2 18. Qxb2 Ne4 19. Bd4 Nxg5 20. Bxg7 Rxe2 21. Bh6 Qf4+ 22. Kb1 Re5 23. Qxb7 Rae8 24. Qxc7 R5e7 25. Rhe1 Qf7 26. Rxe7 Rxe7 27. Qd8+ Re8 28. Qxg5 Rb8+ 29. Ka1 Qxf2 30. Qe7 Qf7 31. Re1 1-0

[Event "TUR-ch"]
[Site "Antalya"]
[Date "2013.02.04"]
[Round "4"]
[White "Onem, Cem"]
[Black "Abdimanoglu, Beste Basak"]
[Result "1-0"]
[WhiteElo "1949"]
[BlackElo "1768"]
[PlyCount "97"]
[EventDate "2013.02.02"]
[EventType "swiss"]
[EventRounds "11"]
[EventCountry "TUR"]
[SourceTitle "CBM 152 Extra"]
[Source "ChessBase"]
[SourceDate "2013.02.25"]
[SourceVersion "1"]
[SourceVersionDate "2013.02.25"]
[SourceQuality "1"]

1. e4 d6 2. d4 g6 3. Nc3 Bg7 4. Be3 Nc6 5. Qd2 e5 6. d5 Nb8 7. 0-0-0 Nd7 8. Nge2 f5 9. exf5 gxf5 10. f4 e4 11. Nd4 Nc5 12. Bb5+ Kf8 13. g4 a6 14. Be2 b5 15. b4 Na4 16. Nxa4 bxa4 17. gxf5 Qf6 18. c3 Ne7 19. Ne6+ Bxe6 20. fxe6 Nxd5 21. Bd4 e3 22. Qd3 Nxf4 23. Qxe3 Nxe2+ 24. Qxe2 Qh6+ 25. Kb2 Bxd4 26. e7+ Ke8 27. Rxd4 Kd7 28. Re4 Qg7 29. Re1 a3+ 30. Kb3 Rhe8 31. Qc4 Qg8 32. Re6 Qg5 33. h4 Qf5 34. Kxa3 a5 35. b5 Qc5+ 36. Qxc5 dxc5 37. Rc6 Rab8 38. Rxc5 Kd6 39. Rc6+ Kd7 40. c4 Rb6 41. Rc5 Rh6 42. h5 Rd6 43. Ka4 Rd2 44. a3 Rd3 45. Rc6 Rd6 46. Rxd6+ Kxd6 47. Kxa5 Kc5 48. Ka6 Kxc4 49. Kb7 1-0